000
00273nam a22001217a 4500
041
_a
ENG
100
_a
Anwani M.L
245
_a
Basic Wireman Wiring Estimating And Costing
260
_a
Delhi
_b
Dhanpat Rai & Co.
_c
1998
300
_a
367
650
_a
EOES
856
_u
EOES
999
_c
524
_d
524